|
|
|
|
| LEADER |
01102cam a2200265 a 4500 |
| 001 |
0000069653 |
| 005 |
20120126090000.0 |
| 040 |
|
|
|a mod
|
| 041 |
|
|
|a eng
|
| 020 |
0 |
0 |
|a 0471423513
|
| 020 |
0 |
0 |
|a 0471412910 (cloth : alk. paper)
|
| 090 |
0 |
0 |
|a 940.545973
|b SMI
|e 2001
|
| 100 |
1 |
0 |
|a Smith
|h Steven Trent, 1947-
|
| 245 |
1 |
4 |
|a The rescue
|b a true story of courage and survival in World War II
|c Steven Trent Smith
|
| 260 |
0 |
0 |
|a New York
|b J. Wiley
|c 2001
|
| 300 |
0 |
0 |
|a x, 326 p.
|b ill.
|c 24 cm
|
| 500 |
0 |
0 |
|a Includes bibliographical references (p. 316-319) and index
|
| 650 |
0 |
0 |
|a Crevalle (Submarine)
|
| 650 |
0 |
0 |
|a United States. Navy
|x Search and rescue operations
|z Philippines
|z Negros Island
|
| 650 |
0 |
0 |
|a World War, 1939-1945
|x Naval operations
|x Submarine
|
| 650 |
0 |
0 |
|a World War, 1939-1945
|x Naval operations, American
|
| 852 |
0 |
0 |
|a 01
|
| 999 |
|
|
|a 0221372
|b KEMENTAH
|d BOOKS
|e Umum
|f Perpustakaan KEMENTAH
|j AVAILABLE
|q GOOD CONDITION
|
| 999 |
|
|
|a 0224588
|b KEMENTAH
|d BOOKS
|e Umum
|f Perpustakaan KEMENTAH
|j AVAILABLE
|q GOOD CONDITION
|
| 999 |
|
|
|a 0292353
|b PLKS
|d BOOKS
|e Umum
|f Pusat Latihan Kapal Selam
|j AVAILABLE
|q GOOD CONDITION
|